Rubber: Karshakarkkoru kaippusthakam (Record no. 44400)

MARC details
000 -LEADER
fixed length control field 00281nam a2200109Ia 4500
082 ## - DEWEY DECIMAL CLASSIFICATION NUMBER
Item number SAT;1
100 ## - MAIN ENTRY--AUTHOR NAME
Personal name Satheeskumar, K G
245 #0 - TITLE STATEMENT
Title Rubber: Karshakarkkoru kaippusthakam
260 ## - PUBLICATION, DISTRIBUTION, ETC. (IMPRINT)
Place of publication Kottayam
Name of publisher Rubber Board
Year of publication 2008
942 ## - ADDED ENTRY ELEMENTS (KOHA)
Koha item type Books
Holdings
Withdrawn status Lost status Damaged status Not for loan Home library Current library Shelving location Date acquired Source of acquisition Full call number Accession Number Koha item type
        RRII Library RRII Library Malayalam 16/12/2021 Gift SAT;1 G01147 Books